Score 0/14 Timer 04:00
1 Play Today
Jumble Fruit % Correct
REAPPear
98.7%
WIIKKiwi
98.1%
NLEOMLemon or Melon
97.1%
EADTDate
95.4%
HRREYCCherry
92.5%
SPRERYBARRaspberry
79.5%
GMNOAMango
77.7%
Jumble Fruit % Correct
UKQTMUAKumquat
70.9%
NRGENIAETTangerine
70.2%
PRATONEGAMEPomegranate
66%
EIRRGTFPUAGrapefruit
59.9%
UAEACTLONPCantaloupe
44.8%
CAITPORApricot
44.6%
RACRUTNCurrant
19.5%
Remove Ads.
Support Sporcle.
Get the best of Sporcle when you Go Orange. This ad-free experience offers more features, more stats, and more fun while also helping to support Sporcle. Thank you for becoming a member.

You're not logged in!

Compare scores with friends on all Sporcle quizzes.
OR
Log In

Show Comments

Extras

Top Quizzes Today


Score Distribution

Your Account Isn't Verified!

In order to create a playlist on Sporcle, you need to verify the email address you used during registration. Go to your Sporcle Settings to finish the process.

Report this User

Report this user for behavior that violates our Community Guidelines.

Details: